000 00332 a2200157 4500
001 155517
040 _cEscola São Tomás de Aquino
100 _aPAIANO, Enor
240 1 0 _aTropicalismo
_lpor
245 1 0 _aTropicalismo
300 _a71
362 0 _a1996
440 1 _aScipione
697 _aLíngua portuguesa
942 _cBK
999 _c155517
_d155517